Normal view MARC view

Entry Nombre personal

Number of records used in: 1

001 - NÚMERO DE CONTROL

  • campo de control: 3405

003 - IDENTIFICADOR DE NÚMERO DE CONTROL

  • campo de control: OSt

005 - FECHA Y HORA DE LA ÚLTIMA TRANSACCIÓN

  • campo de control: 20221005155005.0

008 - ELEMENTOS DE DATO DE LONGITUD-FIJA

  • campo de control de longitud fija: 221005|| aca||aabn | a|a d

040 ## - FUENTE DE CATALOGACIÓN

  • Centro catalogador/agencia de origen: OSt
  • Centro/agencia transcriptor: OSt

100 ## - ENCABEZAMIENTO-NOMBRE DE PERSONA

  • Nombre de persona: CASTRO RUZ, Fidel

670 ## - FUENTE DE DATOS ENCONTRADOS

  • Cita de la fuente: Work cat.: (OSt)2349: CASTRO RUZ, Fidel, Discurso pronunciado por el comandante en jefe Fidel Castro Ruz, primer secretario del Comité Central del Partido Comunista de Cuba [...] en la clausura del XVI congreso de la CTC, celebrada en el teatro "Carlos Marx", el día 28 de enero de 1990, año 32 de la Revolución, 1990

Powered by Koha